Países más cercanos a Estados Unidos - ¡Muerte súbita! - Estadísticas

Estadísticas generales
  • Esta prueba ha sido intentada 104 veces
  • La puntuación promedio es 7 de 15
Answers on the Grid
Answers color-coded by a green-red scale on the quiz's grid according to % correct below.
Canadá
México
Rusia
Bahamas
Cuba
Jamaica
Belice
Haití
Honduras
Guatemala
República Dominicana
Nicaragua
El Salvador
Costa Rica
Kiribati
Colombia
Brasil
Chile
Granada
Antigua y Barbuda
Barbados
Islandia
Irlanda
Irlanda del Norte
Japón
China
Australia
Panamá
Palau
Fiyi
 
Estadísticas de respuestas
Respuesta % Correcto
México
82%
Canadá
76%
Cuba
62%
Jamaica
62%
Bahamas
59%
Guatemala
56%
Haití
47%
Rusia
47%
El Salvador
44%
República Dominicana
41%
Belice
38%
Honduras
29%
Costa Rica
24%
Nicaragua
18%
Kiribati
9%
No se encontraron pruebas coincidentes
Distribución de puntuación
Porcentaje de gente con cada puntuación
Porcentaje por número respondido
Historial de tus puntuaciones
No has intentado esta prueba.